000
00198nam a2200097 4500
082
_a
004GAG
100
_a
Gaggi
245
_a
Computer For Everyone
260
_a
New Delhi:
_b
McGraw-Hill,
942
_c
BK
999
_c
10373
_d
10373